The rules of conduct of the Royal Institution of Chartered Surveyors (Record no. 93039)

MARC details
000 -LEADER
fixed length control field 00604cam a2200193 4500
001 - CONTROL NUMBER
control field ##E494
008 - FIXED-LENGTH DATA ELEMENTS--GENERAL INFORMATION
fixed length control field 090401t1948 xxu||||| |||| 00| 0 eng d
035 ## - SYSTEM CONTROL NUMBER
System control number (Sirsi) u52345
041 0# - LANGUAGE CODE
Language code of text/sound track or separate title eng
050 04 - LIBRARY OF CONGRESS CALL NUMBER
Classification number 333.0062 $2 18
110 2# - MAIN ENTRY--CORPORATE NAME
Corporate name or jurisdiction name as entry element Royal Institution of Chartered Surveyors
9 (RLIN) 4900
245 04 - TITLE STATEMENT
Title The rules of conduct of the Royal Institution of Chartered Surveyors
260 ## - PUBLICATION, DISTRIBUTION, ETC.
Place of publication, distribution, etc. London
Name of publisher, distributor, etc. RICS
Date of publication, distribution, etc. 1948
300 ## - PHYSICAL DESCRIPTION
Extent 3p.
Dimensions 21cm.
490 #0 - SERIES STATEMENT
Series statement RICS Rules of Conduct
690 ## - LOCAL SUBJECT ADDED ENTRY--TOPICAL TERM (OCLC, RLIN)
Topical term or geographic name as entry element ABOUT RICS-RICS PROFESSIONAL REGULATION AND CONSUMER PROTECTION-RICS RULES OF CONDUCT
942 ## - ADDED ENTRY ELEMENTS (KOHA)
Suppress in OPAC 0
948 ## - LOCAL PROCESSING INFORMATION (OCLC); SERIES PART DESIGNATOR (RLIN)
c (OCLC) 04/03/1997
Holdings
Withdrawn status Lost status Source of classification or shelving scheme Damaged status Not for loan Home library Current library Shelving location Date acquired Total Checkouts Full call number Barcode Date last seen Copy number Price effective from Koha item type
    Other/Generic Classification Scheme     London London RICS Boxes 19/07/2006   1948 52345-2001 06/08/2019 1 06/08/2019 Archive